[Event "Elite Hotels op"]
[Site "Vaxjo SWE"]
[Date "2019.02.08"]
[Round "4.8"]
[White "Kallerholm, Per"]
[Black "Golubka, Petro"]
[Result "0-1"]
[WhiteElo "1933"]
[BlackElo "2471"]
[WhiteFideId "-1"]
[BlackFideId "-1"]
[PlyCount "110"]
[GameId "2130307611486066"]
[EventDate "2019.02.08"]
[EventType "swiss"]
[EventRounds "8"]
[EventCountry "SWE"]
[SourceTitle "10 Days #570"]
[Source "ChessMix"]
[SourceDate "2019.02.20"]
[SourceVersion "1"]
[SourceVersionDate "2019.02.20"]
[SourceQuality "1"]

1. d4 Nf6 2. Nf3 g6 3. Nc3 d5 4. Bf4 c6 5. e3 Bg4 6. Be2 Bg7 7. Ne5 Bxe2 8. Nxe2 Nh5 9. Nd3 Nxf4 10. Nexf4 Nd7 11. O-O O-O 12. b3 Re8 13. Rc1 e5 14. dxe5 Nxe5 15. Nxe5 Bxe5 16. Qg4 Qf6 17. Nd3 Bc3 18. Rcd1 Re4 19. Qg3 Qe7 20. Nf4 Be5 21. Qf3 Bxf4 22. exf4 Qf6 23. g3 Rae8 24. Qd3 Qe6 25. Qc3 b6 26. Rd3 c5 27. Qd2 d4 28. Qd1 Re2 29. c3 dxc3 30. Rxc3 Rxa2 31. Re3 Qc8 32. Rfe1 Rf8 33. h4 Qd8 34. Qf3 Qf6 35. Kg2 Rd2 36. h5 Kg7 37. Re7 a5 38. R1e6 Qf5 39. Qc3+ Rd4 40. Re5 Qd3 41. Qe1 Qxb3 42. f5 Qd1 43. Qe3 Qd2 44. Qf3 Rd6 45. hxg6 hxg6 46. fxg6 Rf6 47. Qb7 Qxf2+ 48. Kh3 Rh8+ 49. Kg4 Rxg6+ 50. Rg5 Rxg5+ 51. Kxg5 Qxg3+ 52. Kf5 Rh5+ 53. Ke4 Qg2+ 54. Kf4 Qxb7 55. Rxb7 Rh6 0-1

[Event "Elite Hotels op"]
[Site "Vaxjo SWE"]
[Date "2019.02.09"]
[Round "5.2"]
[White "Golubka, Petro"]
[Black "Kucuksari, Kaan"]
[Result "1/2-1/2"]
[WhiteElo "2471"]
[BlackElo "2301"]
[WhiteFideId "-1"]
[BlackFideId "-1"]
[PlyCount "67"]
[GameId "2130307611486076"]
[EventDate "2019.02.08"]
[EventType "swiss"]
[EventRounds "8"]
[EventCountry "SWE"]
[SourceTitle "10 Days #570"]
[Source "ChessMix"]
[SourceDate "2019.02.20"]
[SourceVersion "1"]
[SourceVersionDate "2019.02.20"]
[SourceQuality "1"]

1. d4 Nf6 2. c4 e6 3. Nf3 b6 4. g3 Bb7 5. Bg2 Be7 6. O-O O-O 7. Re1 d5 8. cxd5 exd5 9. Nc3 Nbd7 10. Bf4 c5 11. Rc1 Ne4 12. Ne5 Nxc3 13. Rxc3 cxd4 14. Nc6 Bxc6 15. Rxc6 Bf6 16. Rd6 Qe7 17. Rxd5 Rfe8 18. e4 Ne5 19. Bxe5 Bxe5 20. f4 Bd6 21. e5 Rad8 22. Qd3 Bc5 23. a3 a5 24. h4 Rxd5 25. Bxd5 Qd7 26. Bc4 Qh3 27. Rb1 Be7 28. Kf2 Rc8 29. Bd5 Bxh4 30. Rg1 g6 31. Be4 Be7 32. Rh1 Qe6 33. Kf3 h5 34. f5 1/2-1/2

[Event "Elite Hotels op"]
[Site "Vaxjo SWE"]
[Date "2019.02.10"]
[Round "7.3"]
[White "Golubka, Petro"]
[Black "Lindberg, Bengt"]
[Result "1/2-1/2"]
[WhiteElo "2471"]
[BlackElo "2377"]
[WhiteFideId "-1"]
[BlackFideId "-1"]
[PlyCount "85"]
[GameId "2130307611486109"]
[EventDate "2019.02.08"]
[EventType "swiss"]
[EventRounds "8"]
[EventCountry "SWE"]
[SourceTitle "10 Days #570"]
[Source "ChessMix"]
[SourceDate "2019.02.20"]
[SourceVersion "1"]
[SourceVersionDate "2019.02.20"]
[SourceQuality "1"]

1. d4 Nf6 2. c4 e6 3. Nf3 b6 4. a3 Ba6 5. Qb3 d5 6. cxd5 exd5 7. Bg5 Be7 8. Bxf6 Bxf6 9. Nc3 Bb7 10. e3 O-O 11. Be2 Re8 12. O-O c6 13. Rfe1 Na6 14. g3 c5 15. Bxa6 Bxa6 16. Qxd5 Qe7 17. Qf5 g6 18. Qf4 Bb7 19. Rad1 Rad8 20. Ne5 Bg5 21. Qg4 f6 22. Nd3 h5 23. Qh3 Bf3 24. Rb1 Qd7 25. Qxd7 Rxd7 26. Ne2 Bh6 27. Kf1 Kf7 28. a4 a5 29. b3 Bxe2+ 30. Rxe2 cxd4 31. exd4 Rxd4 32. Rxe8 Kxe8 33. Ke2 Kd7 34. f4 Bg7 35. b4 axb4 36. f5 gxf5 37. Nxb4 Bh6 38. Nd3 Re4+ 39. Kf1 Rd4 40. Ke2 Re4+ 41. Kf1 Rd4 42. Ke2 Re4+ 43. Kf1 1/2-1/2

[Event "Krakow op"]
[Site "Krakow POL"]
[Date "2018.12.28"]
[Round "2.3"]
[White "Golubka, Petro"]
[Black "Kyc, Jerzy"]
[Result "0-1"]
[WhiteElo "2464"]
[BlackElo "2280"]
[WhiteFideId "-1"]
[BlackFideId "-1"]
[PlyCount "74"]
[GameId "2130307612994822"]
[EventDate "2018.12.27"]
[EventType "swiss"]
[EventRounds "9"]
[EventCountry "POL"]
[SourceTitle "10 Days #566"]
[Source "ChessMix"]
[SourceDate "2019.01.10"]
[SourceVersion "1"]
[SourceVersionDate "2019.01.10"]
[SourceQuality "1"]

1. e4 c5 2. Nf3 d6 3. d4 cxd4 4. Nxd4 Nf6 5. Nc3 a6 6. h4 e5 7. Nb3 Be7 8. Bg5 Nbd7 9. g4 h6 10. Be3 b5 11. Bg2 b4 12. Nd5 Nxd5 13. Qxd5 Rb8 14. Qa5 Bxh4 15. O-O-O Be7 16. Kb1 Nb6 17. g5 Bxg5 18. Bxg5 Qxg5 19. Bf1 O-O 20. Rxd6 Nd7 21. Qd5 Nf6 22. Qd3 Nh5 23. Nc5 Nf4 24. Qd2 a5 25. b3 Be6 26. Nxe6 Nxe6 27. Qd5 Rbd8 28. Bc4 Rxd6 29. Qxd6 Nd4 30. Rd1 Qg4 31. Re1 Qf4 32. a3 Qxf2 33. Rc1 bxa3 34. Qxa3 Qd2 35. Qe7 a4 36. Qxe5 a3 37. Bd5 Qc3 0-1

[Event "Krakow op"]
[Site "Krakow POL"]
[Date "2018.12.29"]
[Round "4.12"]
[White "Golubka, Petro"]
[Black "Miroshnichenko, Pavel"]
[Result "1-0"]
[WhiteElo "2464"]
[BlackElo "2275"]
[WhiteFideId "-1"]
[BlackFideId "-1"]
[PlyCount "129"]
[GameId "2130307612994879"]
[EventDate "2018.12.27"]
[EventType "swiss"]
[EventRounds "9"]
[EventCountry "POL"]
[SourceTitle "10 Days #566"]
[Source "ChessMix"]
[SourceDate "2019.01.10"]
[SourceVersion "1"]
[SourceVersionDate "2019.01.10"]
[SourceQuality "1"]

1. d4 Nf6 2. c4 c6 3. Nf3 d5 4. e3 g6 5. Nc3 Bg7 6. Bd3 O-O 7. O-O Be6 8. cxd5 cxd5 9. Qb3 b6 10. Bd2 Ne4 11. Rfc1 Nxd2 12. Nxd2 Nc6 13. Qa4 Na5 14. b4 Nc4 15. Nxc4 dxc4 16. Be4 Bd7 17. b5 Rc8 18. Qxa7 e5 19. dxe5 Bxe5 20. Rab1 Bxc3 21. Rxc3 Bxb5 22. a4 Rc7 23. Qxb6 Bxa4 24. h3 Rc8 25. Qxd8 Rfxd8 26. Rb4 Bb3 27. Kh2 Rb8 28. Rxb8 Rxb8 29. Bd5 Rc8 30. Kg3 Rc5 31. e4 Kg7 32. Kf4 f5 33. f3 Kf6 34. Ke3 fxe4 35. Kd4 Rc8 36. fxe4 Rd8 37. Rf3+ Kg5 38. g3 h5 39. h4+ Kg4 40. Rc3 g5 41. Ke5 gxh4 42. Be6+ Kg5 43. gxh4+ Kh6 44. Bd5 Rf8 45. Rg3 Rf2 46. Be6 Bd1 47. Bxc4 Rh2 48. Rd3 Bg4 49. Rd8 Rc2 50. Bd5 Rc8 51. Rxc8 Bxc8 52. Kf6 Bh3 53. e5 Bg4 54. Be4 Be2 55. e6 Bc4 56. e7 Bb5 57. Kf7 Ba4 58. Kf8 Bb5 59. Bd5 Ba4 60. Bf7 Bb5 61. Be8 Bd3 62. Ba4 Bg6 63. Bb3 Kh7 64. Bf7 Kh8 65. e8=Q 1-0

[Event "Krakow op"]
[Site "Krakow POL"]
[Date "2018.12.30"]
[Round "5.5"]
[White "Baum, Jonasz"]
[Black "Golubka, Petro"]
[Result "0-1"]
[WhiteElo "2302"]
[BlackElo "2464"]
[WhiteFideId "-1"]
[BlackFideId "-1"]
[PlyCount "133"]
[GameId "2130307612998992"]
[EventDate "2018.12.27"]
[EventType "swiss"]
[EventRounds "9"]
[EventCountry "POL"]
[SourceTitle "10 Days #566"]
[Source "ChessMix"]
[SourceDate "2019.01.10"]
[SourceVersion "1"]
[SourceVersionDate "2019.01.10"]
[SourceQuality "1"]

1. d4 c5 2. d5 e6 3. c4 exd5 4. cxd5 Nf6 5. Nc3 Bd6 6. Nf3 O-O 7. e3 Bc7 8. Be2 Ba5 9. O-O d6 10. Qb3 Nbd7 11. Rd1 Nb6 12. Bd2 a6 13. Ne4 Nbxd5 14. Bxa5 Qxa5 15. Nxd6 Be6 16. Bc4 Qc7 17. e4 Qxd6 18. exd5 Bd7 19. Bf1 b5 20. Qd3 Bg4 21. a4 c4 22. Qa3 b4 23. Qe3 Rfe8 24. Qd2 c3 25. bxc3 Ne4 26. Qd4 Bxf3 27. gxf3 Nxc3 28. Re1 a5 29. Bb5 Red8 30. Bc4 Rac8 31. Kh1 Qf6 32. Qxf6 gxf6 33. Bb3 Nxd5 34. Rad1 Nf4 35. Rxd8+ Rxd8 36. Re4 Ne6 37. Bxe6 fxe6 38. Rxe6 Rb8 39. Re1 b3 40. Kg2 Kf7 41. Kf1 b2 42. Rb1 Rb3 43. Ke2 Ke6 44. Kd1 Kd5 45. Kc2 Kc4 46. f4 f5 47. Rxb2 Rxb2+ 48. Kxb2 h5 49. h4 Kb4 50. Kc2 Kxa4 51. Kc3 Kb5 52. Kb3 a4+ 53. Ka3 Ka5 54. Ka2 Kb4 55. Kb2 a3+ 56. Ka2 Ka4 57. Ka1 Kb3 58. Kb1 a2+ 59. Ka1 Ka3 60. f3 Kb4 61. Kxa2 Kc3 62. Kb1 Kd2 63. Kb2 Ke3 64. Kc3 Kxf4 65. Kd4 Kxf3 66. Ke5 Kg4 67. Kd4 0-1

[Event "Krakow op"]
[Site "Krakow POL"]
[Date "2018.12.31"]
[Round "6.4"]
[White "Golubka, Petro"]
[Black "Eggink, Ryszard"]
[Result "0-1"]
[WhiteElo "2464"]
[BlackElo "2343"]
[WhiteFideId "-1"]
[BlackFideId "-1"]
[PlyCount "84"]
[GameId "2130307612999013"]
[EventDate "2018.12.27"]
[EventType "swiss"]
[EventRounds "9"]
[EventCountry "POL"]
[SourceTitle "10 Days #566"]
[Source "ChessMix"]
[SourceDate "2019.01.10"]
[SourceVersion "1"]
[SourceVersionDate "2019.01.10"]
[SourceQuality "1"]

1. e4 d6 2. d4 Nf6 3. Nc3 Nbd7 4. g4 h6 5. h3 e5 6. Nge2 g6 7. Bg2 Bg7 8. Be3 a6 9. a4 b6 10. Ng3 Bb7 11. d5 a5 12. Bf1 h5 13. g5 Nh7 14. h4 Nc5 15. Bb5+ Ke7 16. Rg1 f6 17. Nf5+ gxf5 18. exf5 Bc8 19. Qf3 fxg5 20. hxg5 Qf8 21. f6+ Nxf6 22. gxf6+ Bxf6 23. Ne4 Bg4 24. Qh1 Nxe4 25. Qxe4 Qc8 26. Bd3 Qe8 27. Ra3 Qf7 28. Rc3 Ra7 29. Be2 Bxe2 30. Kxe2 Qh7 31. Rc4 Qxe4 32. Rxe4 Raa8 33. Rc4 Kd7 34. Rg6 Raf8 35. Kf1 Rf7 36. c3 h4 37. Kg2 h3+ 38. Kh2 Bh4 39. f4 Bf6 40. b4 exf4 41. Bf2 Be5 42. bxa5 bxa5 0-1

[Event "Krakow op"]
[Site "Krakow POL"]
[Date "2019.01.02"]
[Round "7.10"]
[White "Belous, Mikhail"]
[Black "Golubka, Petro"]
[Result "0-1"]
[WhiteElo "2299"]
[BlackElo "2464"]
[WhiteFideId "-1"]
[BlackFideId "-1"]
[PlyCount "140"]
[GameId "2130307612999043"]
[EventDate "2018.12.27"]
[EventType "swiss"]
[EventRounds "9"]
[EventCountry "POL"]
[SourceTitle "10 Days #566"]
[Source "ChessMix"]
[SourceDate "2019.01.10"]
[SourceVersion "1"]
[SourceVersionDate "2019.01.10"]
[SourceQuality "1"]

1. d4 d6 2. c4 Nd7 3. Nc3 Ngf6 4. e4 e5 5. Nge2 Be7 6. g3 O-O 7. Bg2 c6 8. O-O a6 9. a4 a5 10. h3 exd4 11. Nxd4 Nc5 12. Be3 Re8 13. Qc2 Bf8 14. Rad1 Qb6 15. f4 h5 16. Bf2 Bd7 17. Rfe1 Qa6 18. b3 Qb6 19. e5 dxe5 20. fxe5 Nh7 21. Ndb5 Be6 22. Nd6 Qxb3 23. Qxb3 Nxb3 24. Nxe8 Rxe8 25. Ne4 Bb4 26. Re3 Nc5 27. Nxc5 Bxc5 28. Red3 Be7 29. Bb6 Nf8 30. Rd4 Ng6 31. Re1 Bb4 32. Re3 Ne7 33. Red3 Kh7 34. Rd8 Rxd8 35. Rxd8 Bxc4 36. Rd7 Nd5 37. Bd4 Nc3 38. Bxc3 Bxc3 39. Rxb7 Bxe5 40. Be4+ g6 41. Kg2 c5 42. Rd7 Be6 43. Rd8 Kg7 44. Bc2 c4 45. h4 Bc7 46. Rd1 Kf6 47. Re1 Bd6 48. Kf3 Bb4 49. Rb1 Ke5 50. Ke3 Bc5+ 51. Kd2 Kd4 52. Rb7 Bb4+ 53. Kd1 Kc3 54. Kc1 Bd6 55. Rb5 Bxg3 56. Rxa5 Bxh4 57. Re5 Bf6 58. Re1 Bh4 59. Re2 Bd8 60. Bxg6 h4 61. Be4 h3 62. Rb2 Bg5+ 63. Kb1 Kd4 64. Bh1 c3 65. Rb4+ Kd3 66. Be4+ Kd2 67. a5 h2 68. Rd4+ Ke3 69. a6 Kxd4 70. a7 Bf5 0-1

[Event "Krakow op-A 29th"]
[Site "Krakow"]
[Date "2018.12.29"]
[Round "3"]
[White "Pasti, Aron"]
[Black "Golubka, Petro"]
[Result "0-1"]
[WhiteElo "2196"]
[BlackElo "2464"]
[WhiteFideId "-1"]
[BlackFideId "-1"]
[PlyCount "23"]
[GameId "1342138959233024"]
[EventDate "2018.12.27"]
[EventType "swiss"]
[EventRounds "9"]
[EventCountry "POL"]
[SourceTitle "CBM 189 Extra"]
[Source "ChessBase"]
[SourceDate "2019.05.31"]
[SourceVersion "1"]
[SourceVersionDate "2019.05.31"]
[SourceQuality "1"]

1. e4 c5 2. Nf3 d6 3. d4 cxd4 4. Nxd4 Nf6 5. Nc3 a6 6. h3 e6 7. g4 b5 8. Bg2 Bb7 9. O-O h6 10. Re1 Qc7 11. a4 bxa4 12. Rxa4 0-1

[Event "UKR-ch"]
[Site "Kyiv UKR"]
[Date "2018.12.11"]
[Round "1"]
[White "Golubka, Petro"]
[Black "Bernadskiy, Vitaliy"]
[Result "1/2-1/2"]
[WhiteElo "2464"]
[BlackElo "2547"]
[WhiteFideId "-1"]
[BlackFideId "-1"]
[PlyCount "102"]
[GameId "2129404762902074"]
[EventDate "2018.12.11"]
[EventType "tourn"]
[EventRounds "9"]
[EventCountry "UKR"]
[EventCategory "15"]
[SourceTitle "10 Days #564"]
[Source "ChessMix"]
[SourceDate "2018.12.20"]
[SourceVersion "1"]
[SourceVersionDate "2018.12.20"]
[SourceQuality "1"]

{[%evp 29,102,7,10,0,0,-22,-21,-25,-17,-18,0,0,0,0,-12,0,0,-39,-14,-6,-17,-45,-51,-45,-45,-47,-35,-49,-46,-68,-5,-8,0,0,0,-14,0,0,0,0,0,-2,0,-8,-8,-8,-8,-204,-8,-8,-8,-8,-8,-8,-8,-8,-8,-8,-8,-8,0,-8,0,0,0,0,0,0,0,0,0,0,0,0,0]} 1. e4 c6 2. d4 d5 3. exd5 cxd5 4. c4 Nf6 5. Nc3 e6 6. Nf3 Be7 7. cxd5 Nxd5 8. Bd3 Nc6 9. O-O O-O 10. Re1 Bf6 11. Be4 Nce7 12. Qd3 g6 13. Bh6 Bg7 14. Bxg7 Kxg7 15. Ne5 {[%emt 0:00:07] D42: Queen's Gambit Declined: Semi-Tarrasch: 5 cxd5 Nxd5 6 e3 Nc6 Bd3} (15. Rac1 Bd7 16. Bxd5 exd5 17. Qe3 Re8 18. Ne5 f6 19. Nd3 Nf5 20. Qf4 Rc8 21. Rxe8 Qxe8 22. Nxd5 Rxc1+ 23. Qxc1 {1/2-1/2 (32) Howell,D (2670)-Rasmussen,A (2526) Auckland 2015}) 15... b6 {LiveBook: 4 Games} 16. h4 Bb7 17. Rad1 $146 ({Predecessor:} 17. h5 f6 18. Nf3 Qd6 19. Bxd5 Bxd5 20. Nxd5 Nxd5 {1/2-1/2 (30) Groenegress,W-Buecker,P (2285) Bad Oeynhausen 1984}) 17... Rc8 18. g3 Nf5 19. h5 Qg5 (19... Nxc3 {feels hotter.} 20. bxc3 Bxe4 21. Rxe4 f6 22. Ng4 Qd5) 20. Nxd5 Bxd5 21. Bxd5 exd5 22. hxg6 hxg6 23. Nf3 Qg4 24. Nh2 $132 {[%mdl 2048] White puts up resistance} Qh3 25. g4 Qxd3 26. Rxd3 Nd6 27. Rd2 Rfe8 28. Rxe8 Rxe8 $15 {[%mdl 4096] Endgame KRN-KRN} 29. b3 Kh6 (29... Ne4 $15 30. Re2 Rc8) 30. Nf1 $1 $11 Ne4 31. Rc2 Ng5 32. Ne3 Re4 33. Rc7 Rxd4 34. Rxa7 Rd2 35. Kf1 f6 36. Rd7 Ne4 37. g5+ fxg5 38. Ng4+ Kh5 39. f3 {[%cal Rd7h7] [#] The position is equal.} Kh4 $1 {Strongly threatening ...Nc3.} 40. fxe4 {Black must now prevent Ne5.} Kxg4 41. exd5 Rxa2 {KR-KR} 42. Rd6 Rd2 43. Rxb6 Rxd5 44. Rxg6 Kf3 {[%cal Rd5d1] [#]} 45. Re6 g4 46. Re1 g3 {(  ...Rh5)} 47. Rc1 $1 Rd2 48. Kg1 Rg2+ 49. Kf1 {Threatening mate with Rc3+.} Rb2 50. Rc3+ Kg4 {Threatens to win with ...Kh3.} 51. Rc8 Rxb3 {Accuracy: White = 67%, Black = 54%.} 1/2-1/2

[Event "UKR-ch"]
[Site "Kyiv UKR"]
[Date "2018.12.12"]
[Round "2"]
[White "Bogdanovich, Stanislav"]
[Black "Golubka, Petro"]
[Result "0-1"]
[WhiteElo "2537"]
[BlackElo "2464"]
[WhiteFideId "-1"]
[BlackFideId "-1"]
[PlyCount "64"]
[GameId "2129404762902080"]
[EventDate "2018.12.11"]
[EventType "tourn"]
[EventRounds "9"]
[EventCountry "UKR"]
[EventCategory "15"]
[SourceTitle "10 Days #564"]
[Source "ChessMix"]
[SourceDate "2018.12.20"]
[SourceVersion "1"]
[SourceVersionDate "2018.12.20"]
[SourceQuality "1"]

{[%evp 19,64,-13,0,-31,9,-33,-18,-60,23,0,18,-69,0,0,4,0,0,-37,-20,-22,-20,0,6,-160,0,0,0,0,0,0,0,0,0,-9,0,-220,-201,-395,-241,-676,-615,-1350,-1428,-2014,-1943,-4810,-4802]} 1. e4 c5 2. Nf3 d6 3. d4 cxd4 4. Nxd4 Nf6 5. Nc3 a6 6. Bg5 e6 7. Qd2 Be7 8. O-O-O b5 9. f3 {B95: Sicilian Najdorf: 6 Bg5 e6, unusual White 7th moves} (9. Bd3 Bb7 10. Rhe1 b4 11. Nb1 Nbd7 12. Qxb4 Nc5 13. Nb3 Qc7 14. Nxc5 dxc5 15. Qd2 c4 16. Bxf6 Bxf6 17. Bxc4 {1/2-1/2 (45) Koneru,H (2600) -Hou,Y (2591) Antakya 2010}) 9... Bb7 10. h4 Nbd7 {LiveBook: 5 Games} 11. g4 {The position is equal.} Rc8 12. Be3 Ne5 $146 ({Predecessor:} 12... Nb6 13. h5 b4 14. Nb1 d5 15. g5 Nfd7 16. Rg1 g6 {1/2-1/2 (38) Jelen,P (1964)-Goga,F (2009) Liptovsky Mikulas 2006}) 13. g5 Nh5 ({Black should try} 13... Nxf3 $1 $15 14. Qg2 (14. Nxf3 Nxe4 15. Nxe4 Bxe4 $15) 14... Nxe4 15. Qxf3 Rxc3 16. bxc3 Qa5) 14. Rg1 O-O 15. f4 (15. Kb1 $11) 15... Nc4 (15... b4 $1 $15 16. Na4 Qa5) 16. Bxc4 $11 Rxc4 17. f5 Qc8 $1 18. g6 hxg6 {aiming for ...e5.} 19. fxe6 fxe6 {And now ...e5 would win.} 20. Rxg6 b4 21. Na4 $2 {[#]} (21. Qe2 $1 $11 bxc3 22. Qxh5 cxb2+ 23. Kb1) 21... Bxe4 $2 (21... e5 $1 $17 {[%cal Re5d4]} 22. Nf5 {[#]} Rxc2+ $1 {[%mdl 512]} 23. Qxc2 Qxc2+ 24. Kxc2 Bxe4+ 25. Kb3 Rxf5) 22. Nb6 Bxg6 23. Nxc8 Rfxc8 24. Rg1 Be4 {Strongly threatening ...e5.} 25. b3 Rc3 {Hoping for ...e5.} 26. Qe2 Bf6 27. Kb1 $2 (27. Bd2 $1 $11 {and White has nothing to worry.} Bxd4 28. Bxc3 Bxg1 29. Qxe4 Rxc3 30. Qxe6+ Kh7 31. Qe4+ g6 32. Qxb4) 27... d5 $19 28. Qxa6 $2 (28. Rg4) 28... Nf4 {[%cal Rc3c2] ...Rxc2 is the strong threat.} 29. Rc1 $2 (29. Rg4 Bxc2+ 30. Nxc2 Rxc2 31. Qxc8+ (31. Rxf4 {is a self mate.} Rb2+ 32. Ka1 Rd2+ 33. Kb1 Rd1+ 34. Bc1 Rdxc1#) 31... Rxc8 32. Rxf4) 29... e5 {[%cal Be6e5,Be5d4,Bd4d3][%mdl 32] Black is clearly winning.} 30. Bd2 exd4 31. Bxc3 Rxc3 32. Qd6 d3 {Precision: White = 21%, Black = 43%.} 0-1

[Event "UKR-ch"]
[Site "Kyiv UKR"]
[Date "2018.12.13"]
[Round "3"]
[White "Golubka, Petro"]
[Black "Baklan, Vladimir"]
[Result "1-0"]
[WhiteElo "2464"]
[BlackElo "2608"]
[WhiteFideId "-1"]
[BlackFideId "-1"]
[PlyCount "113"]
[GameId "2129404762902083"]
[EventDate "2018.12.11"]
[EventType "tourn"]
[EventRounds "9"]
[EventCountry "UKR"]
[EventCategory "15"]
[SourceTitle "10 Days #564"]
[Source "ChessMix"]
[SourceDate "2018.12.20"]
[SourceVersion "1"]
[SourceVersionDate "2018.12.20"]
[SourceQuality "1"]

{[%evp 23,113,24,15,18,17,17,23,13,22,18,21,27,68,65,85,76,76,83,83,78,95,87,180,122,120,118,302,277,256,148,140,141,103,105,105,105,140,129,131,125,127,131,128,131,139,139,139,132,163,167,168,127,124,117,123,112,260,272,241,97,230,193,264,261,388,322,380,379,345,299,293,256,527,526,517,516,485,490,464,441,365,275,667,667,1379,1225,1767,1767,1760,1437,29976,29976]} 1. e4 e5 2. Nf3 Nc6 3. Bb5 a6 4. Ba4 Nf6 5. d3 d6 6. c3 g6 7. O-O Bg7 8. Nbd2 O-O 9. Re1 b5 10. Bc2 {C77: Ruy Lopez: 3...a6 4 Ba4 Nf6, unusual lines} Re8 (10... Bb7 11. Nf1 Nb8 12. d4 Nbd7 13. Ng3 Re8 14. a4 c6 15. Be3 Qc7 16. h3 exd4 17. cxd4 c5 {0-1 (65) McShane,L (2640)-Howell,D (2676) London 2017}) 11. Nf1 h6 12. Ng3 d5 {LiveBook: 3 Games} 13. a4 {Threatens to win with axb5.} dxe4 $146 ({Predecessor:} 13... Bb7 14. Bd2 Qd7 15. exd5 Nxd5 16. Ne4 Qe7 17. b4 {1-0 (40) Popovic,D (2561) -Boruchovsky,A (2333) Plovdiv 2012}) 14. Nxe4 Nxe4 15. dxe4 {White wants to play axb5.} Be6 16. b4 Qxd1 17. Rxd1 Rad8 18. Be3 Bc4 19. axb5 axb5 20. Ra6 Rxd1+ 21. Bxd1 Rd8 22. Nd2 Rd6 (22... Nb8 $16 23. Ra7 c6) 23. Bf3 (23. Bg4 $18) 23... Bd3 $16 24. Bc5 Rf6 $2 {[#]} (24... Nb8 $16 25. Rxd6 (25. Bxd6 Nxa6 26. Be7 f6 $15) 25... cxd6 26. Bxd6 Nd7) 25. Ra8+ Kh7 26. g4 ({Better is} 26. Nf1 $18) 26... Rxf3 27. Nxf3 Bxe4 28. Nd2 Bd5 29. Re8 Be6 30. f3 e4 31. Nxe4 Bd7 32. Ra8 f5 33. gxf5 gxf5 34. Nf2 Bxc3 35. Nd3 Kg7 36. Kf2 Kf7 37. Ke3 Bf6 38. Ra6 h5 39. Kd2 Ne7 (39... h4 $16 40. Kc2 Be8) 40. Bxe7 $18 Kxe7 {[%mdl 4096] Endgame KRN-KB} 41. Nc5 (41. Ke3 $18) 41... Be8 (41... Be5 $16) 42. Ke3 Bg5+ (42... Bf7 $142 43. Nd3 Be8) 43. f4 Bf6 (43... Bh4 $142 44. Ne6 Kd7) 44. Nd3 c6 45. Ne5 Kd6 46. Ra8 Bd7 47. Kd4 Bh4 $2 {[#]} (47... Be6 {might work better.} 48. Rf8 Bg7 49. Rd8+ Kc7) 48. Rh8 Bf2+ 49. Kd3 Be6 50. Rxh5 c5 51. bxc5+ Bxc5 52. Rh6 b4 $2 (52... Ba3 53. Nf3 Kd7) 53. h4 {[%cal Bh2h4,Bh4h5][%mdl 32]} Kd5 {and the idea ...Bd6 leaves Black hopeful.} 54. Rh8 Be7 55. h5 Bf6 56. Rb8 Bxe5 57. Rb5+ {Accuracy: White = 83%, Black = 39%.} 1-0

[Event "UKR-ch"]
[Site "Kyiv UKR"]
[Date "2018.12.14"]
[Round "4"]
[White "Golubka, Petro"]
[Black "Kuzubov, Yuriy"]
[Result "1/2-1/2"]
[WhiteElo "2464"]
[BlackElo "2655"]
[WhiteFideId "-1"]
[BlackFideId "-1"]
[PlyCount "27"]
[GameId "2129404762902091"]
[EventDate "2018.12.11"]
[EventType "tourn"]
[EventRounds "9"]
[EventCountry "UKR"]
[EventCategory "15"]
[SourceTitle "10 Days #564"]
[Source "ChessMix"]
[SourceDate "2018.12.20"]
[SourceVersion "1"]
[SourceVersionDate "2018.12.20"]
[SourceQuality "1"]

{[%evp 15,27,6,29,21,23,8,33,37,37,34,36,33,60,23]} 1. e4 e5 2. Nf3 Nf6 3. Nxe5 d6 4. Nf3 Nxe4 5. c4 Be7 {[%cal Bf8e7,Be7f6,Bf6e5][%mdl 32]} 6. Nc3 Nxc3 7. dxc3 Nc6 8. Bd3 Bg4 {LiveBook: 16 Games. C42: Petroff Defence: 3 Nxe5 and unusual White 3rd moves} 9. O-O (9. Be4 Qd7 10. O-O O-O 11. Qc2 Kh8 12. Nd4 Nxd4 13. cxd4 c6 14. h3 Bh5 15. d5 Bg6 16. dxc6 bxc6 17. Bxg6 fxg6 {1-0 (60) Malakhov,V (2689)-Zhao,Y (2383) China 2018}) 9... O-O 10. Bf4 Bf6 (10... Ne5 $5) 11. h3 {White is slightly better.} Bh5 12. Re1 $146 ({Predecessor:} 12. Be4 Re8 13. Qd5 Bxf3 14. Bxf3 Be5 15. Bd2 Rb8 16. Qd3 {1-0 (65) Nicolaisen, S-Schjoerring,E corr 1987}) 12... Be5 13. Be3 Re8 14. Be2 1/2-1/2